000
00179nam a2200085 4500
001
1258371
005
20260310101249.0
245
_a
KINALI SERÇE
_c
ŞERMİN YAŞAR
260
_b
KRONİK
999
_c
1258371
_d
1258371